000 00253nam a22000977a 4500
999 _c532019
_d532019
082 _a747.75
_bMEE
100 _aMee, Brad.
245 _aDesign is in the Details living spaces /
942 _2ddc
_cBK